Top 25 Most Fantasy Basketball Points in the last 10 years - Statistics

General Stats
  • This quiz has been taken 72 times
  • The average score is 15 of 25
Answer Stats
Rank Answer Points % Correct
4 LeBron James 34153
100%
5 Nikola Jokic 33247
96%
8 Steph Curry 29356
96%
2 Giannis Antetokounmpo 36168
93%
16 Kevin Durant 25054
90%
1 James Harden 376772
82%
25 Joel Embiid 22669
79%
7 Anthony Davis 30776
78%
3 Russell Westbrook 36553
75%
14 Chris Paul 25927
72%
18 Paul George 24510
72%
24 Kyrie Irving 22974
71%
6 Damian Lillard 30779
66%
23 Devin Booker 23196
66%
15 Jimmy Butler 25217
56%
10 DeMar DeRozan 28588
51%
20 Bradley Beal 23722
44%
11 Karl-Anthony Towns 26222
44%
12 Rudy Gobert 26143
41%
17 Julius Randle 24650
35%
13 Andre Drummond 25972
25%
22 CJ McCollum 23592
25%
21 Jrue Holiday 236892
22%
9 Nikola Vucevic 29155
19%
19 Tobias Harris 23943
15%
No matching quizzes found
Score Distribution
Percent of People with Each Score
Percentile by Number Answered
Your Score History
You have not taken this quiz